000 00576nam a22001577a 4500
003 macl
005 20241019163157.0
008 241019b |||||||| |||| 00| 0 eng d
040 _cmacl
082 _a540
100 _aअरिहन्‍त
245 _amaster the ncert for NEET*JEE रसायन विज्ञान भाग -01 ncert कक्षा xi पर आधारित
260 _aदिल्‍ली
_bअरिहन्‍त पब्लिकेशन
_c2024
650 _aरसायन विज्ञान
_951767
942 _2ddc
_cC. BOOKS
999 _c67228
_d67228